000 00553nam a2200181Ia 4500
008 090124s9999 xx 000 0 und d
082 _b11452
100 _aबोरकर वि.ज.
245 _a माती'आणि 'आदेउश'
250 _a0
260 _bमौज प्रकाशन गृह
300 _a154
600 _aबोरकर वि.ज.
630 _a माती'आणि 'आदेउश'
700 _aबोरकर वि.ज.
730 _a माती'आणि 'आदेउश'
942 _cBOOK
999 _c85303
_d85303